Justin Herbert Quiz - Statistics

General Stats
  • This quiz has been taken 19 times
    13 since last reset
  • The average score is 8 of 10
Answer Stats
Hint Answer % Correct
What college did he go to? University of Oregon
100%
How tall is he? 6'6"
92%
Who is his coach? Jim Harbaugh
92%
What team does he play for? Los Angeles Chargers
92%
Who is he currently dating? Madison Beer
92%
Where did he grow up? Eugene, Oregon
83%
What bowl game did he win in 2020? Rose Bowl
83%
What club was he the President of in High School? Fishing
75%
What is his middle name? Patrick
75%
How much does he weigh? 236 pounds
58%
No matching quizzes found
Score Distribution
Percent of People with Each Score
Percentile by Number Answered
Your Score History
You have not taken this quiz since the last reset